Score 0/14 Timer 01:30
1 Play Today
% Correct
Hot
98.6%
Itch
98.2%
Blondes
97.9%
Stop
97.7%
Showgirl
97.4%
Give
97.1%
Return
97%
% Correct
Love
96.9%
Business
96.5%
Millionaire
96.2%
Jungle
95.9%
Nest
95.7%
Eve
95.6%
Knock
92.1%

Today's Daily Dose

Missing Word
Entertainment W

Word Ladder
Minecraft Ores

Quick Pick
'Lady' Movies

Come Together.
Have Fun.
All Virtual.
We all need to come together. Play Sporcle's virtual live trivia to have fun, connect with people, and get your trivia on. Join a live hosted trivia game for your favorite pub trivia experience done virtually. If a virtual private party is more your thing, go here for details.

You're not logged in!

Compare scores with friends on all Sporcle quizzes.
OR
Log In

Sporcle TV

Today on Sporcle TV


Watch our educational content, quiz creation guides, and fun videos on Sporcle TV.

Show Comments

Extras

Top Quizzes Today


Score Distribution

Paid Content

Your Account Isn't Verified!

In order to create a playlist on Sporcle, you need to verify the email address you used during registration. Go to your Sporcle Settings to finish the process.

Report this User

Report this user for behavior that violates our Community Guidelines.

Details: